| 000 | 01038nam a22002657a 4500 | ||
|---|---|---|---|
| 005 | 20130422113421.0 | ||
| 008 | 130422b xxu||||| |||| 00| 0 eng d | ||
| 010 | _aENG-106947 | ||
| 020 |
_a9788177082739 _c1960.00 |
||
| 035 | _aEN-90480 | ||
| 037 | _bDBAD/PUB | ||
| 040 |
_aDPL _bEng |
||
| 082 | 0 | 0 |
_a371.2070954 _223 |
| 245 | 0 | 0 |
_aEducation, training, and skill development in India : _bfirst five year plan (1951-56) to eleventh five year plan (2007-12) / _cedited by Rameshwari Pandya |
| 260 |
_aNew Delhi _bNew Century Publications _c2011 |
||
| 270 |
_a4800/24, Bharat Ram Road, Ansari Road, Darya Ganj _bNew Delhi _e110002 |
||
| 300 |
_axxv, 488 p. _c25cm(Hb) |
||
| 500 | _aIncludes bibliographical references (p. [475]-478) and index. | ||
| 650 | 0 |
_aEducational planning _zIndia. |
|
| 650 | 0 |
_aEducation and state _zIndia. |
|
| 650 | 0 |
_aVocational education _zIndia _xPlanning. |
|
| 650 | 0 |
_aOccupational training _zIndia _xPlanning. |
|
| 700 | 1 | _aPandya, Rameshwari | |
| 942 |
_2ddc _cEN _h371.2070954 _mEDU |
||
| 999 |
_c74755 _d74755 |
||